000 00587cam a22002291 4500
001 sa 66007828
003 DLC
005 20260227112307.0
008 890428s1963 xx 000 0 nepo
010 _asa 66007828
035 _a(OCoLC)19620114
040 _aDLC
_cWaU
_dDLC
042 _apremarc
043 _aa-np---
050 0 0 _aPK2597.5
_b.P6
100 1 _aPokharela, Bālakr̥shṇa,
_d1935-
245 1 0 _aPānca śaya varsha.
260 _c[1963/64]
300 _a16, 643 p.
_c20 cm.
500 _aIn Nepali.
650 0 _aNepali prose literature
_xHistory and criticism.
999 _c71425
_d71425